Posudzovanie konfliktu záujmov v rámci verejných obstarávaní s uplatnením sociálneho hľadiska

Saved in:
Bibliographic Details
Main Author: Kočiščáková, Nikola
Format: Book Chapter
Language:Slovak
Subjects:
Tags: Add Tag
No Tags, Be the first to tag this record!

MARC

LEADER 00000naa a2200000 4500
001 0307956
005 20250402100706.6
041 0 |a slo 
044 |a SK 
245 1 0 |a Posudzovanie konfliktu záujmov v rámci verejných obstarávaní s uplatnením sociálneho hľadiska  |c Nikola Kočiščáková 
610 2 0 |a obstarávanie verejné 
610 2 0 |a konflikt záujmov 
610 2 0 |a právo 
610 2 0 |a legislatíva 
610 2 0 |a etika 
100 1 |a Kočiščáková, Nikola